LEADER 01515oam 2200481 450 001 9910702623103321 005 20210714075208.0 035 $a(CKB)5470000002429961 035 $a(OCoLC)895032417 035 $a(OCoLC)894915322 035 $a(EXLCZ)995470000002429961 100 $a20141112d2013 ua 0 101 0 $aeng 135 $aur||||||||||| 181 $ctxt$2rdacontent 182 $cc$2rdamedia 183 $acr$2rdacarrier 200 00$aBe an active family $e10 tips for becoming more active as a family 210 1$a[Alexandria, Va.?] :$cUnited States Department of Agriculture, Center for Nutrition Policy and Promotion,$d2013. 215 $a1 online resource (1 page) $ccolor illustrations 225 1 $a10 tips nutrition education series ;$vDG tipsheet no. 29 300 $aTitle from caption (viewed on November 12, 2014). 300 $a"April 2013." 517 $aBe an active family 606 $aFamilies$xHealth and hygiene 606 $aExercise 606 $aExercise$2fast 606 $aFamilies$xHealth and hygiene$2fast 615 0$aFamilies$xHealth and hygiene. 615 0$aExercise. 615 7$aExercise. 615 7$aFamilies$xHealth and hygiene. 712 02$aCenter for Nutrition Policy and Promotion (U.S.), 801 0$bAGL 801 1$bAGL 801 2$bOCLCO 801 2$bOCLCF 801 2$bOCLCQ 801 2$bGPO 906 $aBOOK 912 $a9910702623103321 996 $aBe an active family$93132268 997 $aUNINA